000
00255nam a2200097Ia 4500
001
761172
005
20250826165202.0
008
250824s9999 xx 000 0 und d
245
0
_a
BOŞANDIM DİYEMEDİM
_c
SEMİN GÜLER OĞURTAN
260
_b
ÇİZGİ YAYINLARI
999
_c
761172
_d
761172